| 000 | 00956naa a2200265 c 4500 | ||
|---|---|---|---|
| 001 | 36821 | ||
| 003 | ES-MaCES | ||
| 005 | 20060706132700.0 | ||
| 008 | 060706n2006 sp t ||0 | spa d | ||
| 035 | _aCES20060010933v | ||
| 040 |
_aES-MaCES _bspa _cES-MaCES |
||
| 245 | 0 | 3 |
_aLa Comisión propone un nuevo calendario para la decisión sobre TACs y cuotas _b: con el objetivo de mejorar el proceso de consulta sobre la gestión pesquera |
| 500 | _aResumen | ||
| 650 | 4 |
_aplanificación _927021 |
|
| 650 | 4 |
_atrabajador de la pesca _928434 |
|
| 650 | 4 |
_aReglamento de la CE _929874 |
|
| 650 | 4 |
_apolítica pesquera _927610 |
|
| 650 | 4 |
_aindustria pesquera _927608 |
|
| 650 | 4 |
_apesca _927611 |
|
| 653 | 1 | 0 | _aPesca |
| 773 | 0 |
_tIndustrias pesqueras _gaño 79, n. 1899 (1 jun. 2006){10600 R. 064843}; p. 33-34 _w(ES-MaCES)25605 _965149 |
|
| 902 | _aART Artículo de revista | ||
| 942 |
_2CES _cAR _h5.1. |
||
| 999 |
_c36821 _d36821 |
||